000 00838cam a22002777a 4500
001 16865123
005 20180309073555.0
008 110711s2013 ctua b 001 0 eng d
010 _a 2011934125
020 _a9781111576806
020 _a1111576807
035 _a(OCoLC)ocn741541342
040 _aBTCTA
_beng
_cBTCTA
_dYDXCP
_dBUF
_dDLC
041 _aeng
042 _alccopycat
080 _a621 WIC
082 0 4 _a621 WIC
_222
100 1 _a27
101 _aMEK
245 1 3 _aAn introduction to mechanical engineering /
_cJonathan Wickert, Kemper Lewis.
504 _aIncludes bibliographical references and index.
906 _a7
_bcbc
_ccopycat
_d2
_eepcn
_f20
_gy-gencatlg
942 _2ddc
_cBK
999 _c44585
_d44585